00307nam a2200121Ia 4500008004100000082001500041100001700056245004200073250000800115260004600123300000800169650000800177191201s2007 xx 000 0 und d a658.3bMAH aMAMORIA, C B 0aTextbook of Human Resource Management aRep aN.DelhibHimalaya Publication Housec2007 a398 aBBA